Language Quiz

Random Language or Letter Quiz
Score 0/68 Timer 12:00
2 Plays Today
1st word 3rd word % Correct
pallap
98.8%
orbrob
98.4%
pissip
98.2%
itssit
98%
weststew
81.2%
hoesshoe
79.7%
lostslot
78.9%
coedcode
77.6%
napepane
73.8%
tirerite
72.9%
wayssway
70.3%
gusttugs
69.7%
dosedoes
69.2%
modedome
68.9%
swapwasp
67.9%
daredear
62.8%
hearhare
61.7%
suedused
59.5%
matsmast
58.6%
abuttuba
57.4%
mesaseam
57.1%
raceacre
54.9%
copesscope
48.4%
phaseshape
44.5%
aloftfloat
44%
gorygyro
43.9%
tenortoner
43.9%
pedalplead
32.3%
panelplane
32.2%
baledblade
29%
dreaddared
27.6%
pintopoint
26.6%
setupupset
23.5%
drieststride
18.6%
1st word 3rd word % Correct
rolesloser
18.4%
sleeteddeletes
16.5%
assertstares
15%
fleasfalse
14.7%
stakedtasked
14.3%
paltrypartly
14.2%
blearybarely
10.7%
desertrested
10.1%
delayerlayered
10%
lifter trifle
9.8%
beratebeater
9.3%
loopedpoodle
8.7%
callercellar
7.8%
melonssolemn
6.8%
imposerpromise
6.5%
bolsterlobster
6.3%
bristleblister
5.7%
pleaseasleep
5.3%
desiredresided
5.1%
retrainterrain
4.4%
antlerrental
4.1%
sleuthshustles
4.1%
reclaimmiracle
4%
createdreacted
2.5%
detaildilate
2.4%
leadingaligned
2.1%
marinesseminar
2%
loaderordeal
1.8%
paroledleopard
1.6%
stifleitself
1.5%
painterpertain
1.3%
deadestsedated
1.3%
magnetomontage
1.2%
castersactress
1.2%

You're not logged in!

Compare scores with friends on all Sporcle quizzes.
OR
Log In

Sporcle TV

Today on Sporcle TV


Watch our educational content, quiz creation guides, and fun videos on Sporcle TV.

Show Comments

Extras

Top Quizzes Today


Score Distribution

Paid Content

Your Account Isn't Verified!

In order to create a playlist on Sporcle, you need to verify the email address you used during registration. Go to your Sporcle Settings to finish the process.

Report this User

Report this user for behavior that violates our Community Guidelines.

Details: